Catalog

Record Details

Catalog Search



Jüdische Vermögen in Wien 1938 / Michael Pammer

Record details

  • ISBN: 3-7029-0476-X (Wien : brož.)
  • ISBN: 3-486-56751-9 (München : brož.)
  • Physical Description: 150 s. ; 21 cm
  • Publisher: Wien ; Oldenbourg, 2003

Content descriptions

General Note:
"Österreichische Historikerkommission"--Obálka
Bibliography, etc. Note:
Obsahuje bibliografii a bibliografické odkazy

Available copies

  • 1 of 1 copy available at Common Catalog SPOK.

Holds

  • 0 current holds with 1 total copy.
Show Only Available Copies
Location Call Number / Copy Notes Barcode Shelving Location Status Due Date
Terezin Initiative Institute 4090 4594304090 Knihovna ITI Available -

LDR 01352nam a2200301 a 4500
00127433
003CZ-PrJAB
00520221122050058.0
008081208s2003 au ||||gr|||||||||0|ger
020 . ‡a3-7029-0476-X (Wien : brož.)
020 . ‡a3-486-56751-9 (München : brož.)
035 . ‡a(CONS)2252
035 . ‡a(CZ PrSKC)zmp000047742
040 . ‡aABE323 ‡bcze ‡eAACR2
044 . ‡aau ‡agw
1001 . ‡aPammer, Michael, ‡d1962- ‡4aut
24510. ‡aJüdische Vermögen in Wien 1938 / ‡cMichael Pammer
260 . ‡aWien ; ‡aMünchen : ‡bOldenbourg, ‡c2003
300 . ‡a150 s. ; ‡c21 cm
4901 . ‡aVeröffentlichungen der Österreichischen Historikerkommission. Vermögensentzug während der NS-Zeit sowie Rückstellungen und Entschädigungen seit 1945 in Österreich ; ‡vBd. 8
500 . ‡a"Österreichische Historikerkommission"--Obálka
504 . ‡aObsahuje bibliografii a bibliografické odkazy
7102 . ‡aHistorikerkommission der Republik Österreich ‡7xx0022439
830 0. ‡aVeröffentlichungen der Österreichischen Historikerkommission. ‡pVermögensentzug während der NS-Zeit sowie Rückstellungen und Entschädigungen seit 1945 in Österreich
8524 . ‡bJACH-ITI ‡bJACH-ITI ‡cKnihovna ITI ‡j4090 ‡p4090 ‡y$0.00
910 . ‡aABE340 ‡b4090
995 . ‡askok
901 . ‡a27433 ‡bISxN ‡c27433 ‡tbiblio

Additional Resources